| 000 | 00395nam a2200145 a 4500 | ||
|---|---|---|---|
| 001 | 255 | ||
| 003 | CDMR | ||
| 005 | 20130409170001.0 | ||
| 008 | 130130s1973||||||||||||||||||||||||||||d | ||
| 040 |
_aCDMR _bcat _cCDMR |
||
| 100 | 1 |
_9164 _aBassets, Lluís |
|
| 245 | 1 | 0 |
_aAproximación a una semiología de la imagen gráfica en prensa _cLuís Bassets Sanchez |
| 260 |
_aBarcelona _c1973 |
||
| 942 |
_cTSN _2udc |
||
| 999 |
_c255 _d255 |
||